Statistics for Name that Harry Potter Character

Click here to take the quiz!

General Stats

  • This quiz has been taken 11 times
  • The average score is 12 of 15

Answer Stats

QuestionAnswer% Correct
He has 8 other people in his familyRon
100%
Her mother died doing an experiment that went wrongLuna
100%
Who lost there ?????? when trying to do the obliviate curse and it back firedGildory
100%
Turned it to an ????? and then became one of the weasly's petsPeter
91%
They where married and died trying to protect HogwartsTonks and Lupin
91%
She was killed by a WeaslyBellatrix
91%
She is a Ravenclaw and Harry tries to ask her to the yule ballCho
91%
His Aunt is one of the dark lords best Death eatersDraco
82%
He was killed by one of his Family membersSirius
82%
She has frizzy HairHermione
82%
She was almost expelled from Hogwarts by umbridgeTrelawny
82%
Who was killed by Voldemort because she said in her class that muggles and wizards are the same.Charity
73%
Who died when there was an explosion at HogwartsFred
73%
Who killed the most powerful wizardSnape
55%
His parents where killed by the dark lordNeville
9%

Score Distribution

Percentile by Number Answered

Percent of People with Each Score

Your Score History

You have not taken this quiz